| 000 | 00565nam a2200181Ia 4500 | ||
|---|---|---|---|
| 008 | 240729s9999 xx 000 0 und d | ||
| 022 | _a2413-3051 | ||
| 245 | 0 | _aJournal of Energy in Southern Africa | |
| 260 | _aSouth Africa | ||
| 260 | _bUniversity of Cape Town | ||
| 650 | _a Energy conservation | Geography. Anthropology. Recreation | ||
| 650 | _a Environmental sciences | ||
| 650 | _a Mechanical engineering and machinery | ||
| 650 | _aTechnology | ||
| 856 | _uhttps://doaj.org/toc/70889e9e91aa4e19a2c86436ca49df1b | ||
| 942 | _2ddc | ||
| 942 | _cDOAJEJ | ||
| 999 |
_c67447 _d67447 |
||
| 945 |
_a1 _bMadushi Gamage _c1 _dMadushi Gamage |
||